[Event "AUTO-ADV-4876"]
[Site "http://www.queenalice.com/game.php?id=1860005"]
[Date "2025.7.17"]
[Round "1"]
[White "carlitomontana93270"]
[Black "serrameira"]
[Result "1/2-1/2"]
[WhiteElo "1793"]
[BlackElo "1986"]

1. c4 g6 2. d4 e6 3. g3 Nf6 4. Bg2 c6 5. Nf3 Bg7 6. O-O O-O 7. Bg5 Qb6 8. b3 Ne4
9. Be3 Nf6 10. d5 Qd8 11. dxe6 dxe6 12. Qxd8 Rxd8 13. Nbd2 Ng4 14. Bf4 Bxa1 15.
Rxa1 Nd7 16. Bc7 Re8 17. h3 Ngf6 18. Be5 Nb6 19. Bxf6 Nd7 20. Bg5 Kg7 21. Ne4 f6
22. Be3 f5 23. Nd6 Re7 24. Nxc8 Rxc8 25. Bg5 Rf7 26. Rd1 a5 27. Nd4 Re8 28. Nf3
e5 29. h4 h6 30. Bc1 e4 31. Nd4 c5 32. Nc2 Ne5 33. Bf4 Ng4 34. f3 exf3 35. exf3
Nf6 36. Kf2 Rfe7 37. Bf1 Nh7 38. Rd5 b6 39. Bd6 Re6 40. Bc7 Rc8 41. Be5+ Kg8 42.
f4 Nf8 43. Bh3 Kf7 44. Ne3 Ke7 45. Rd1 Nd7 46. Nd5+ Kd8 47. Nxb6 Rxb6 48. Bg2
Ke7 49. Bc3 Nf6 50. Re1+ Kf7 51. Bxa5 Rd6 52. Re2 Re8 53. Rc2 Ng4+ 54. Kg1 Rd1+
55. Bf1 Ne3 56. Rf2 Nxf1 57. Rxf1 Rxf1+ 58. Kxf1 Ra8 59. Bb6 Rc8 60. Kf2 Ke6 61.
Ke3 Kd6 62. a3 Rb8 63. Ba5 Ra8 64. b4 Rxa5 65. bxa5 Kc6 66. Kd3 Kb7 67. Kc3 h5
68. Kb3 Ka7 69. Ka4 Ka6 70. Kb3 Kxa5 71. Kb2 Ka4 1/2-1/2

[Event "AUTO-ADV-4876"]
[Site "http://www.queenalice.com/game.php?id=1860006"]
[Date "2025.7.17"]
[Round "1"]
[White "serrameira"]
[Black "carlitomontana93270"]
[Result "1-0"]
[WhiteElo "1949"]
[BlackElo "1800"]

1. e4 c5 2. Nf3 d6 3. Bb5+ Bd7 4. Bxd7+ Nxd7 5. Nc3 g6 6. d4 Bg7 7. Be3 cxd4 8.
Bxd4 Ngf6 9. O-O O-O 10. Re1 e5 11. Be3 b6 12. h3 Rc8 13. Bg5 h6 14. Bxf6 Nxf6
15. Qd2 Qc7 16. Rac1 Rfd8 17. Nd5 Nxd5 18. Qxd5 Qd7 19. c3 Rc5 20. Qd3 f5 21.
Rcd1 fxe4 22. Qxe4 d5 23. Qb4 e4 24. Rxe4 Qf5 25. Rg4 h5 26. Rf4 Qc2 27. Re1 Qd2
28. Re7 Qxf4 29. Qxf4 Rf8 30. Qd6 Rf6 31. Qb8+ Kh7 32. Qb7 1-0

[Event "AUTO-ADV-4876"]
[Site "http://www.queenalice.com/game.php?id=1860007"]
[Date "2025.7.17"]
[Round "1"]
[White "carlitomontana93270"]
[Black "Zero007"]
[Result "0-1"]
[WhiteElo "1860"]
[BlackElo "1730"]

1. c4 c5 2. g3 Nc6 3. Bg2 Nf6 4. Nf3 g6 5. O-O Bg7 6. d3 O-O 7. Bd2 d6 8. Nc3
Bd7 9. Qc1 Qc8 10. Bg5 Bh3 11. Bh6 Bxg2 12. Kxg2 Qd7 13. Nd5 Nxd5 14. cxd5 Nd4
15. Nxd4 cxd4 16. Qf4 Bxh6 17. Qxh6 Qf5 18. Rac1 Rfc8 19. e4 dxe3 20. fxe3 Qxd5+
21. Kg1 Qxa2 22. Qf4 Qe6 23. Qf3 Rxc1 24. Rxc1 Rc8 25. Ra1 Qh3 26. Qxb7 Rc2 27.
Qh1 Rxb2 28. Rf1 Qxf1+ 0-1

[Event "AUTO-ADV-4876"]
[Site "http://www.queenalice.com/game.php?id=1860008"]
[Date "2025.7.17"]
[Round "1"]
[White "Zero007"]
[Black "carlitomontana93270"]
[Result "1-0"]
[WhiteElo "1898"]
[BlackElo "1820"]

1. e4 c5 2. Nf3 d6 3. d4 cxd4 4. Nxd4 g6 5. c3 Bg7 6. Be3 Nf6 7. Nd2 O-O 8. Bd3
Nc6 9. O-O Bg4 10. f3 Bd7 11. Re1 e5 12. Ne2 a6 13. Nc4 Be6 14. Ng3 b5 15. Nb6
Rb8 16. Nd5 Ne7 17. Nxf6+ Bxf6 18. Qe2 d5 19. Rad1 dxe4 20. Nxe4 Bg7 21. Bxb5
Qa5 22. Bc4 Bf5 23. Bb3 Qb5 24. Qxb5 axb5 25. Bc5 Bxe4 26. fxe4 Rfe8 27. Rd7 Bf6
28. Rf1 Bg5 29. Bxf7+ Kg7 30. Bxe8 Rxe8 31. Rfd1 Kh6 32. Bxe7 Bxe7 33. R7d5 Bg5
34. R1d3 1-0

[Event "AUTO-ADV-4876"]
[Site "http://www.queenalice.com/game.php?id=1860009"]
[Date "2025.7.17"]
[Round "1"]
[White "carlitomontana93270"]
[Black "Capixaba789"]
[Result "1/2-1/2"]
[WhiteElo "1834"]
[BlackElo "1967"]

1. c4 d5 2. cxd5 Qxd5 3. Nc3 Qd8 4. g3 e5 5. d3 Nf6 6. Bg2 Be7 7. Nf3 O-O 8. O-O
c6 9. a3 Bd6 10. Bg5 Be6 11. Bd2 Nbd7 12. b4 Nb6 13. e4 Bg4 14. Bg5 Re8 15. h3
Bh5 16. g4 Bg6 17. Be3 h6 18. Nh4 Bh7 19. g5 hxg5 20. Bxg5 Be7 21. Nf3 Qc7 22.
Ne2 Rad8 23. Ng3 Nxe4 24. Nxe4 Bxe4 25. Bxe7 Bxf3 26. Qxf3 Rxe7 27. Rfe1 Nd5 28.
Qg3 Re6 29. Rac1 Nf4 30. Be4 Qe7 31. Rcd1 Nd5 32. Bf5 Rh6 33. Rxe5 Qf6 34. Rde1
g6 35. Bg4 Nf4 36. Qe3 Nxd3 37. Re8+ Rxe8 38. Qxe8+ Kg7 39. Re2 Qg5 40. Re7 Qc1+
41. Kg2 Qf4 42. Re2 Rh4 43. Qe3 Rxg4+ 44. hxg4 Qxg4+ 45. Kf1 Nf4 46. Qe5+ Kh6
47. Qh8+ Kg5 48. Re5+ f5 49. Qd8+ Kh5 50. Re8 Qg2+ 51. Ke1 Qg1+ 52. Kd2 Qxf2+
53. Kc3 Nd5+ 54. Kc4 b5+ 55. Kb3 Qf3+ 56. Kb2 Qc3+ 57. Ka2 1/2-1/2

[Event "AUTO-ADV-4876"]
[Site "http://www.queenalice.com/game.php?id=1860010"]
[Date "2025.7.17"]
[Round "1"]
[White "Capixaba789"]
[Black "carlitomontana93270"]
[Result "1-0"]
[WhiteElo "1933"]
[BlackElo "1825"]

1. d4 g6 2. e4 d6 3. f4 Bg7 4. Nf3 Nf6 5. Bd3 O-O 6. O-O Bg4 7. Qe1 Nc6 8. d5
Nb8 9. Nc3 c6 10. e5 dxe5 11. fxe5 Nh5 12. Ng5 h6 13. Nxf7 Rxf7 14. Rxf7 Kxf7
15. e6+ Kg8 16. Bxg6 Bd4+ 17. Kh1 Qf8 18. Bf7+ Kh7 19. Qe4+ Kh8 20. Qxg4 Qg7 21.
Qxh5 cxd5 22. Bxh6 Qh7 23. Qh4 Nc6 24. Nxd5 Rd8 25. c4 Bf6 26. Nxf6 exf6 27.
Qxf6+ 1-0

[Event "AUTO-ADV-4877"]
[Site "http://www.queenalice.com/game.php?id=1860184"]
[Date "2025.7.19"]
[Round "1"]
[White "MMA34"]
[Black "carlitomontana93270"]
[Result "1-0"]
[WhiteElo "2069"]
[BlackElo "1820"]

1. e4 c5 2. Nf3 d6 3. d4 cxd4 4. Nxd4 Nc6 5. Nc3 g6 6. Bb5 Bd7 7. Be3 Bg7 8. f3
Nf6 9. O-O O-O 10. Nxc6 bxc6 11. Ba4 c5 12. Bxd7 Qxd7 13. e5 Ne8 14. exd6 exd6
15. Bxc5 Rc8 16. Bb4 Rb8 17. Ba3 Rd8 18. Ne4 f5 19. Nf2 Nf6 20. Re1 Rfe8 21. c3
Rxe1+ 22. Qxe1 Re8 23. Qd2 Bf8 24. b4 Qb5 25. Nd3 Bg7 26. Bb2 Nd7 27. Kh1 Ne5
28. Nxe5 dxe5 29. Rd1 Qb6 30. a4 Bf6 31. c4 Rd8 32. Qc2 Rxd1+ 33. Qxd1 Qxb4 34.
Qc1 Qxa4 35. c5 Qc6 36. f4 Be7 37. Qc4+ Kf8 38. Bxe5 Qxc5 39. Qxc5 Bxc5 40. g3
a5 41. Kg2 a4 42. Kf1 a3 43. Ke2 a2 44. Kd2 Kf7 45. Kc2 Bd6 46. Ba1 Bc5 47. h3
Bf2 48. g4 Bg3 49. Kb3 Bxf4 50. Kxa2 Ke6 51. Bc3 Kd5 52. Kb3 Ke4 53. gxf5 Kxf5
54. Kc2 Kg5 55. Be1 Bh2 56. Kd3 Kf4 57. Ke2 Bg3 58. Bd2+ Ke4 59. Bg5 Bf4 60. Bh4
g5 61. Bf2 h5 62. Bg1 h4 63. Bb6 Bc1 64. Kf2 Be3+ 65. Bxe3 Kf5 66. Kf3 1-0

[Event "AUTO-ADV-4877"]
[Site "http://www.queenalice.com/game.php?id=1860185"]
[Date "2025.7.19"]
[Round "1"]
[White "carlitomontana93270"]
[Black "MMA34"]
[Result "1-0"]
[WhiteElo "1813"]
[BlackElo "1979"]

1. c4 Nf6 2. g3 e6 3. d3 Be7 4. Bg2 O-O 5. Nf3 Nc6 6. O-O d5 7. cxd5 Nxd5 8. Nc3
Nf6 9. a3 a6 10. e3 Bd7 11. d4 Rb8 12. b4 b5 13. e4 Bc8 14. e5 Nd5 15. Nxd5 exd5
16. Be3 h6 17. Rc1 Bb7 18. Qd2 Kh7 19. Nh4 Bxh4 20. gxh4 Qxh4 21. Bxd5 Ne7 22.
Bxb7 Rxb7 23. Bf4 Ng6 24. Bg3 Qe7 25. Rc3 Rc8 26. Rfc1 Nf8 27. Qe3 Nd7 28. d5
Nb6 29. d6 Qd7 30. Qe4+ 1-0

[Event "AUTO-ADV-4877"]
[Site "http://www.queenalice.com/game.php?id=1860198"]
[Date "2025.7.19"]
[Round "1"]
[White "EdsonEstevam"]
[Black "carlitomontana93270"]
[Result "0-1"]
[WhiteElo "1728"]
[BlackElo "1822"]

1. e4 c5 2. Nc3 d6 3. Nf3 g6 4. Bb5+ Bd7 5. d4 cxd4 6. Nxd4 Bg7 7. Bxd7+ Qxd7 8.
a4 Nf6 9. O-O O-O 10. b4 Nc6 11. b5 Nxd4 12. Qxd4 Nh5 13. Qd3 Rac8 14. Bb2 Nf4
15. Qe3 Ne6 16. Ra2 Bd4 17. Qh6 Bg7 18. Qh4 Bxc3 19. Rd1 Bg7 20. Ba3 Bf6 21. Qh3
Rfd8 22. Bb4 b6 23. Bd2 Ng5 24. Bxg5 Bxg5 25. Rf1 Qxh3 26. gxh3 Rd7 27. Re1 Rdc7
28. Re2 Rc4 29. f3 Rc3 30. e5 Bf4 31. exd6 Bxd6 32. h4 f6 33. Rg2 e5 34. h5 Kg7
35. a5 Bc5+ 36. Kf1 bxa5 37. Ke2 Bd4 38. Kd1 R8c4 39. Rxa5 Rxf3 40. hxg6 hxg6
41. h4 e4 42. h5 g5 43. Rh2 e3 44. h6+ Kh7 45. Ra6 Rf1+ 46. Ke2 Rf2+ 47. Rxf2
Rxc2+ 48. Kf3 Rxf2+ 49. Ke4 Bb6 50. Ra1 e2 0-1

[Event "AUTO-ADV-4877"]
[Site "http://www.queenalice.com/game.php?id=1860199"]
[Date "2025.7.19"]
[Round "1"]
[White "carlitomontana93270"]
[Black "EdsonEstevam"]
[Result "1-0"]
[WhiteElo "1876"]
[BlackElo "1787"]

1. c4 e5 2. d3 Nc6 3. g3 Nf6 4. Bg2 Bb4+ 5. Bd2 O-O 6. Nf3 h6 7. a3 Bxd2+ 8.
Qxd2 d5 9. cxd5 Ne7 10. O-O Nfxd5 11. Nc3 a6 12. Nxd5 Qxd5 13. Nh4 Bf5 14. Bxd5
Nxd5 15. Nxf5 Rfe8 16. e4 b6 17. exd5 Rad8 18. Rfe1 Rxd5 19. d4 Kf8 20. Rxe5
Rdd8 21. Rxe8+ Rxe8 22. Re1 1-0

[Event "AUTO-ADV-4877"]
[Site "http://www.queenalice.com/game.php?id=1860206"]
[Date "2025.7.19"]
[Round "1"]
[White "oldprofessor"]
[Black "carlitomontana93270"]
[Result "1-0"]
[WhiteElo "1925"]
[BlackElo "1820"]

1. d4 e6 2. c4 g6 3. Nf3 Bg7 4. Nc3 Nf6 5. e4 O-O 6. e5 Ne8 7. h4 d6 8. Bf4 dxe5
9. dxe5 Nc6 10. Qxd8 Nxd8 11. O-O-O Nc6 12. Be3 b6 13. h5 gxh5 14. Rxh5 Ne7 15.
Bd3 f5 16. Rdh1 f4 17. Bxh7+ Kf7 18. Ng5# 1-0

[Event "AUTO-ADV-4877"]
[Site "http://www.queenalice.com/game.php?id=1860207"]
[Date "2025.7.19"]
[Round "1"]
[White "carlitomontana93270"]
[Black "oldprofessor"]
[Result "0-1"]
[WhiteElo "1839"]
[BlackElo "1971"]

1. c4 e5 2. d3 Nf6 3. g3 d5 4. b3 dxc4 5. bxc4 Qd4 6. e3 Qxa1 7. Qb3 Nc6 8. Bd2
Ba3 9. Bc3 Bb4 10. Bxb4 Nxb4 11. Kd2 Qxa2+ 12. Qxa2 Nxa2 13. Bg2 Ng4 14. Ke2 Rb8
15. Nf3 b6 16. h3 Nf6 17. Nbd2 Nc3+ 18. Ke1 O-O 19. Nxe5 Bb7 20. e4 a5 21. g4
Rfd8 22. f3 Nd7 23. Nxd7 Rxd7 24. Kf2 Rxd3 25. Nb3 Nxe4+ 26. fxe4 Rxb3 27. Rd1
Rb2+ 28. Kf3 Bxe4+ 29. Kxe4 Rxg2 0-1

[Event "AUTO-ADV-4878"]
[Site "http://www.queenalice.com/game.php?id=1860374"]
[Date "2025.7.22"]
[Round "1"]
[White "carlitomontana93270"]
[Black "fbenevides2019"]
[Result "0-1"]
[WhiteElo "1750"]
[BlackElo "1879"]

1. c4 e5 2. d3 h6 3. g3 Nf6 4. Bg2 c6 5. Nf3 d6 6. O-O d5 7. cxd5 Qxd5 8. Nc3
Qe6 9. a3 a5 10. Bd2 Bd6 11. Be3 O-O 12. Qd2 Nbd7 13. Qc2 Nd5 14. Nxd5 Qxd5 15.
Nd2 Qe6 16. Ne4 Be7 17. Rac1 Nf6 18. Nxf6+ Bxf6 19. Bc5 Re8 20. b3 Be7 21. Bxe7
Qxe7 22. e3 Qxa3 23. Ra1 Qd6 24. Qc3 b6 25. Qxc6 Qxc6 26. Bxc6 Ba6 27. Bxa8 Rxa8
28. Rfd1 g5 29. Rd2 Rc8 30. Rb1 Rc3 31. d4 exd4 32. exd4 Rc6 33. d5 Rd6 34. Rc1
Kg7 35. Rc6 Rd7 36. d6 Rd8 37. d7 Bb5 38. Rc8 Rxd7 39. Rxd7 Bxd7 40. Rc7 Be6 41.
Rb7 Bxb3 42. Rxb6 a4 43. Rb4 f5 44. Kf1 g4 45. Ke2 Kf6 46. Ke3 Kg5 47. Kd4 h5
48. Ke5 Bc2 49. Rb8 Kg6 50. Rb6+ Kg5 51. Ra6 Bb3 52. Ra8 h4 53. Ra7 h3 54. Ra6
Bc2 55. Ke6 Bb3+ 56. Ke7 Bc2 57. Kf7 Bb3+ 58. Kg7 Bc2 59. Rg6+ Kh5 60. Rf6 Bd3
61. Ra6 Bxa6 0-1

[Event "AUTO-ADV-4878"]
[Site "http://www.queenalice.com/game.php?id=1860375"]
[Date "2025.7.22"]
[Round "1"]
[White "fbenevides2019"]
[Black "carlitomontana93270"]
[Result "1-0"]
[WhiteElo "1875"]
[BlackElo "1814"]

1. d4 e6 2. a3 c5 3. d5 Qb6 4. c4 g6 5. Nc3 Bg7 6. Qd2 Nf6 7. h3 O-O 8. dxe6
dxe6 9. e3 Nc6 10. Nf3 Qc7 11. Nb5 Qe7 12. Qd6 Qxd6 13. Nxd6 Ne8 14. Nxe8 Rxe8
15. Bd3 Rd8 16. Be4 Bd7 17. Bxc6 Bxc6 18. O-O Rd7 19. a4 Rad8 20. Rb1 Rd1 21. b3
Be4 22. Nd2 Bxb1 23. Rxd1 Bc3 24. Kf1 Bc2 25. Ke1 Bxd1 26. Kxd1 Bxd2 27. Bxd2 b6
28. g4 Kg7 29. g5 h6 30. h4 h5 31. f4 f6 32. Kc2 e5 33. Bc3 exf4 34. Bxf6+ Kf7
35. Bxd8 f3 36. Kd2 Ke6 37. Ke1 Kf5 38. Kf2 Kg4 39. e4 Kf4 40. e5 Kxe5 41. Kxf3
Kd4 42. Kf4 Kc3 43. Ke5 Kxb3 44. Kf6 Kxa4 45. Kxg6 b5 46. cxb5 c4 47. Kxh5 c3
48. g6 c2 49. Bg5 1-0

[Event "AUTO-ADV-4885"]
[Site "http://www.queenalice.com/game.php?id=1861566"]
[Date "2025.8.14"]
[Round "1"]
[White "carlitomontana93270"]
[Black "Castling"]
[Result "0-1"]
[WhiteElo "1735"]
[BlackElo "1894"]

1. c4 Nc6 2. d3 e5 3. e3 Nf6 4. g3 Bb4+ 5. Bd2 d5 6. cxd5 Bxd2+ 7. Qxd2 Qxd5 8.
e4 Nxe4 9. dxe4 Qxe4+ 10. Qe2 Qb4+ 11. Qd2 O-O 12. Qxb4 Nxb4 13. Na3 Bf5 14. Bg2
c6 15. Nf3 e4 16. Nh4 Be6 17. O-O g5 18. Bxe4 gxh4 19. Nc2 Nxc2 20. Bxc2 hxg3
21. fxg3 Rad8 22. b3 Rd2 23. Be4 Rfd8 24. Rf2 Rxf2 25. Kxf2 Rd4 26. Bf3 Rd2+ 27.
Kg1 Bh3 28. Rd1 Rxa2 29. Rd7 Ra1+ 30. Kf2 Bxd7 0-1

[Event "AUTO-ADV-4885"]
[Site "http://www.queenalice.com/game.php?id=1861567"]
[Date "2025.8.14"]
[Round "1"]
[White "Castling"]
[Black "carlitomontana93270"]
[Result "0-1"]
[WhiteElo "1822"]
[BlackElo "1775"]

1. e4 c5 2. Bc4 e6 3. Nc3 d6 4. Nf3 g6 5. d3 Bg7 6. Bg5 Nf6 7. Qd2 O-O 8. O-O-O
a6 9. h3 Nbd7 10. Bh6 b5 11. Bb3 Bb7 12. a3 b4 13. Ne2 d5 14. e5 Ne8 15. d4 cxd4
16. Bxg7 Nxg7 17. Qxd4 Nf5 18. Qxb4 Rb8 19. Nfd4 Nxd4 20. Qxd4 Qg5+ 21. Nf4 Nxe5
22. Rhe1 Nc6 23. Qd2 Qf6 24. g3 Bc8 25. Nd3 Qf5 26. g4 Qf6 27. Qc3 Qxc3 28. bxc3
Na5 29. Kb2 Nxb3 30. cxb3 Rb5 31. f4 Bd7 32. Ne5 Rb7 33. Nxd7 Rxd7 34. Re5 Rfd8
35. Rd4 Rd6 36. h4 Rc6 37. c4 Rcd6 38. c5 Rc6 39. b4 Rb8 40. f5 a5 41. Kb3 axb4
42. axb4 Ra8 43. fxg6 hxg6 44. h5 gxh5 45. Rxh5 Kg7 46. g5 Kg6 47. Rdh4 Rca6 48.
Rh6+ Kxg5 49. R4h5+ Kf4 50. Rf6+ Kg4 51. Rhh6 Kg5 52. b5 Ra3+ 53. Kc2 Ra2+ 54.
Kb3 R8a3+ 55. Kb4 Ra4+ 56. Kb3 R2a3+ 57. Kb2 Re3 58. b6 Rb4+ 59. Kc2 Rc4+ 60.
Kd2 Rb3 61. Rxe6 fxe6 62. Rxe6 Rxc5 63. Re5+ Kf4 64. Re2 Rxb6 65. Rf2+ Kg3 66.
Re2 Rb3 67. Re3+ Rxe3 68. Kxe3 Rc4 69. Ke2 Rc3 0-1

[Event "AUTO-ADV-4885"]
[Site "http://www.queenalice.com/game.php?id=1861568"]
[Date "2025.8.14"]
[Round "1"]
[White "carlitomontana93270"]
[Black "dimitridruloza2012"]
[Result "1-0"]
[WhiteElo "1725"]
[BlackElo "1807"]

1. c4 b6 2. d4 Bb7 3. d5 g6 4. g3 Bg7 5. Bg2 Na6 6. Nf3 Nf6 7. O-O Nh5 8. Nc3
Nc5 9. Bd2 e6 10. dxe6 Nxe6 11. e3 Qe7 12. b3 a6 13. Nd5 Bxd5 14. cxd5 Ng5 15.
Rc1 Nxf3+ 16. Qxf3 d6 17. Rc2 Be5 18. Rfc1 c5 19. dxc6 O-O 20. Bb4 a5 21. Bc3
Bxc3 22. Rxc3 Nf6 23. c7 Rac8 24. Qb7 Nd7 25. Bh3 f5 26. Qd5+ Kh8 27. Rc6 Nf6
28. Qd4 Kg8 29. Rxd6 Rxc7 30. Rxc7 Qxc7 31. Rxf6 Rd8 32. Qc4+ Qxc4 33. bxc4 Rc8
34. Rxb6 Rxc4 35. Ra6 Ra4 36. Ra8+ Kg7 37. Ra7+ Kh6 38. Bg2 Rxa2 39. Bd5 Ra3 40.
Bg8 Kg5 41. Bxh7 a4 42. Ra6 Kg4 43. Kg2 g5 44. Rh6 Rb3 45. f3# 1-0

[Event "AUTO-ADV-4885"]
[Site "http://www.queenalice.com/game.php?id=1861569"]
[Date "2025.8.14"]
[Round "1"]
[White "dimitridruloza2012"]
[Black "carlitomontana93270"]
[Result "1-0"]
[WhiteElo "1784"]
[BlackElo "1750"]

1. g3 c5 2. Bg2 e6 3. b3 d5 4. Bb2 Nd7 5. Nf3 g6 6. Bxh8 f6 7. e3 Nh6 8. Nh4 Nf7
9. Bxf6 Nxf6 10. Nc3 Bd7 11. Qe2 g5 12. Nf3 g4 13. Nh4 Rc8 14. O-O h5 15. Qd3 a6
16. a4 Bc6 17. Ng6 Qd6 18. Rae1 Ng8 19. e4 d4 20. Ne2 Ne7 21. Ngf4 e5 22. Nd5
Nxd5 23. exd5 Bxd5 24. Bxd5 Qxd5 25. Qg6 e4 26. Nf4 Qe5 27. Rxe4 Rc6 28. Rxe5+
Kd7 29. Qxf7+ 1-0

[Event "AUTO-ADV-4885"]
[Site "http://www.queenalice.com/game.php?id=1861570"]
[Date "2025.8.14"]
[Round "1"]
[White "carlitomontana93270"]
[Black "Carlos19"]
[Result "1-0"]
[WhiteElo "1739"]
[BlackElo "1624"]

1. c4 f5 2. d3 c5 3. g3 e5 4. Bg2 Nc6 5. Nf3 d6 6. O-O Nf6 7. Bg5 h6 8. Bd2 e4
9. dxe4 fxe4 10. Ne1 g5 11. Nc3 Bf5 12. e3 a6 13. a3 Bg4 14. Qb3 Bc8 15. Nxe4
Nxe4 16. Bxe4 Na5 17. Qd3 Qb6 18. b4 cxb4 19. axb4 Qc7 20. bxa5 Bg7 21. Bg6+ Kd7
22. Qf5+ Kc6 23. Qd5+ Kd7 24. Qf7+ Kc6 25. Be4+ d5 26. Bxd5+ Kd6 27. Bb4+ 1-0

[Event "AUTO-ADV-4885"]
[Site "http://www.queenalice.com/game.php?id=1861571"]
[Date "2025.8.14"]
[Round "1"]
[White "Carlos19"]
[Black "carlitomontana93270"]
[Result "0-1"]
[WhiteElo "1627"]
[BlackElo "1744"]

1. e4 c5 2. Bc4 e6 3. d3 g6 4. Nf3 Bg7 5. Nc3 Nf6 6. Bg5 O-O 7. e5 Qb6 8. Na4
Qa5+ 9. Qd2 Qxa4 10. exf6 Bh8 11. O-O d5 12. Bb3 Qc6 13. Ne5 Qd6 14. f4 Nd7 15.
Nxd7 Bxd7 16. d4 c4 17. Bxc4 dxc4 18. c3 Bc6 19. b3 Qd5 20. bxc4 Qe4 21. Rf2 Qf5
22. h3 Bxf6 23. h4 Bxg5 24. fxg5 Qg4 25. Qf4 Qxf4 26. Rxf4 f5 27. gxf6 Rf7 28.
g4 Raf8 29. g5 h6 30. a4 hxg5 31. hxg5 Re8 32. a5 e5 33. dxe5 Rxe5 34. Rd1 Rxg5+
35. Kf2 Rxa5 36. Rd8+ Rf8 37. Rxf8+ Kxf8 38. Ke3 Rf5 39. Rxf5 gxf5 40. Kf4 Be4
41. Ke5 a5 42. c5 a4 43. Ke6 a3 0-1